101 historias para vivir con valores (Registro nro. 11942)
[ vista simple ]
| 000 -Cabecera | |
|---|---|
| Campo de control de longitud fija | 00960nam a22003257a 4500 |
| 005 - Fecha y hora de la última transacción | |
| Campo de control | 20230904143927.0 |
| 008 - Elementos de longitud fija--Información general | |
| Campo de control de longitud fija | 190524b2011 xxu||||| |||| 00| 0 spa d |
| 020 ## - International Standard Book Number | |
| Número Internacional Estándar del Libro (ISBN) | 9789972085505 |
| 041 ## - Idioma | |
| Código de idioma | Español |
| 082 ## - Clasificación Decimal Dewey | |
| Número de clasificación | 303.372 Ch541c |
| 100 ## - Entrada principal--Autor personal | |
| Nombre personal | Chirre Osorio, Alfonso |
| 9 (RLIN) | 53687 |
| 245 ## - Título propiamente dicho | |
| Título | 101 historias para vivir con valores |
| 260 ## - Pie de imprenta | |
| Lugar de publicación, distribución, etc. | Perú |
| 260 ## - Pie de imprenta | |
| Nombre del editor, distribuidor, etc. | Corporación Editora Chirre |
| 260 ## - Pie de imprenta | |
| Fecha de publicación, distribución, etc. | 2011 |
| 300 ## - Descripción física | |
| Extensión | 127 páginas |
| 650 ## - Materia general | |
| Temática (materia general) | VALORES |
| 650 ## - Materia general | |
| Temática (materia general) | CLASIFICACIÓN DE VALORES |
| 650 ## - Materia general | |
| Temática (materia general) | LOGROS ALCANZADOS |
| 650 ## - Materia general | |
| Temática (materia general) | INCENTIVACIÓN DE VALORES |
| 650 ## - Materia general | |
| Temática (materia general) | RESPECTO A LOS VALORES |
| 650 ## - Materia general | |
| Temática (materia general) | VALOR A LA FAMILIA |
| 650 ## - Materia general | |
| Temática (materia general) | VALOR DE SER GRANDE |
| 650 ## - Materia general | |
| Temática (materia general) | VALOR DE SER BUENO |
| 650 ## - Materia general | |
| Temática (materia general) | VALOR DE APRENDER |
| 650 ## - Materia general | |
| Temática (materia general) | VALOR DE LA FE |
| 650 ## - Materia general | |
| Temática (materia general) | VALOR DE LA EXPERIENCIA |
| 650 ## - Materia general | |
| Temática (materia general) | VALOR A LO SANO |
| 942 ## - Punto de acceso adicional KOHA | |
| Tipo de ítem KOHA | Libro |
| Fuente del sistema de clasificación o colocación | Dewey Decimal Classification |
| Signatura completa | Código de barras | Tipo de ítem |
|---|---|---|
| 303.323 Ch541c | 24272 | Libro |
| 303.323 Ch541c | 16972 | Libro |